Dom meditácie, Bratislava
Saved in:
| Main Author: | |
|---|---|
| Other Authors: | |
| Format: | Manuscript Book |
| Language: | Slovak |
| Published: |
Bratislava
2019
|
| Subjects: | |
| Online Access: | http://is.stuba.sk/zp/portal_zp.pl?podrobnosti=146056 |
| Tags: |
No Tags, Be the first to tag this record!
|
MARC
| LEADER | 00000ntm a22000003a 4500 | ||
|---|---|---|---|
| 001 | stuzp73955 | ||
| 003 | SK-STU | ||
| 005 | 20200911074252.9 | ||
| 007 | ta | ||
| 008 | 150427s2015----xo-----f-mn---000-0-slo-d | ||
| 040 | |a STU |b slo | ||
| 041 | 0 | |a slo | |
| 100 | 1 | |a Kollárová, Denisa |u 058180 |k Z4 |4 aut |U FAD Fakulta architektúry |T FA Ústav architektúry občianskych budov |X 65285 |U A8180 |Y 399 |7 65285 | |
| 242 | 0 | 1 | |a Meditation house, Bratislava |y eng |
| 245 | 1 | 0 | |a Dom meditácie, Bratislava |
| 260 | |c 2019 |a Bratislava | ||
| 650 | 4 | |a jóga |2 slo | |
| 650 | 4 | |a atmosféra |2 slo | |
| 650 | 4 | |a meditácia |2 slo | |
| 650 | 4 | |a meditation |2 eng | |
| 650 | 4 | |a atmosphere |2 eng | |
| 650 | 4 | |a yoga |2 eng | |
| 700 | 1 | |a Bátor, Jozef |u 058180 |k Z1 |4 ths |U FAD Fakulta architektúry |T FA Ústav architektúry občianskych budov |X 4810 |U A8180 |Y 399 |7 A000004810 | |
| 856 | 4 | |u http://is.stuba.sk/zp/portal_zp.pl?podrobnosti=146056 |u https://opac.crzp.sk/?fn=detailBiblioForm&sid=9F8942B94996237AAAFE1CF666DC | |